Business management / (Record no. 40807)

MARC details
000 -LEADER
fixed length control field 00628nam a22001937a 4500
005 - DATE AND TIME OF LATEST TRANSACTION
control field 20100810162853.0
010 ## - LCCN (DPL NO)
LC control number ENG-99449
020 ## - INTERNATIONAL STANDARD BOOK NUMBER
International Standard Book Number 9788190756396
Terms of availability 80.00
035 ## - SYSTEM CONTROL NUMBER
System control number EN-82981
037 ## - SOURCE OF ACQUISITION
Source of stock number/acquisition DBAD/PUB
082 ## - DEWEY DECIMAL CLASSIFICATION NUMBER
Classification number 658
100 ## - MAIN ENTRY--PERSONAL NAME
Personal name Gunasekaran,K.
245 ## - TITLE STATEMENT
Title Business management /
Statement of responsibility, etc by K.Gunasekaran
260 ## - PUBLICATION, DISTRIBUTION, ETC. (IMPRINT)
Place of publication, distribution, etc Tamil nadu
Name of publisher, distributor, etc Kamaraj Pathipagam
Date of publication, distribution, etc 2008
270 ## - ADDRESS
Address 14/135,Kamaraj Pathipagam
City Tamil nadu
300 ## - PHYSICAL DESCRIPTION
Extent 121p.
Dimensions 20cm (pbk)
942 ## - ADDED ENTRY ELEMENTS (KOHA)
Source of classification or shelving scheme Dewey Decimal Classification
Item type English Books
Classification part 658
Call number suffix GUN
Holdings
Withdrawn status Lost status Not for loan Collection code Home library Current library Date acquired Source of acquisition Cost, normal purchase price Full call number Barcode Cost, replacement price Koha item type
    Not For Loan Non-fiction D.B.Act.Division D.B.Act.Division 10/08/2010 DBAD / PUB 80.00 658 GUN EN-82981 80.00 English Books

© Delhi Public Library
Hit Counter
free hit counter